000 00515nam a2200181Ia 4500
008 090123s9999 xx 000 0 und d
082 _b38131
100 _aदेशपांडे रोझा
245 _aअव्यक्त
250 _a0
260 _bअनघा प्रकाशन
300 _a64
600 _aदेशपांडे रोझा
630 _aअव्यक्त
700 _aदेशपांडे रोझा
730 _aअव्यक्त
942 _cBOOK
999 _c76121
_d76121